000
00272nam a22001217a 4500
008
171012b xxu||||| |||| 00| 0 eng d
041
_a
eng
080
_2
3RD
_a
316
100
_a
50
101
_a
SOC
245
_a
THE BASICS OF SOCIAL RESEARCH
_c
BABBIE,E
942
_2
udc
_c
BK
999
_c
33537
_d
33537